000 00705nam a22002537a 4500
001 2895
003 FISKH
005 20240122152310.0
008 240122b cb ||||| |||| 00| 0 eng d
020 _a9780545012348
040 _aFISKH
_beng
_cFISKH
_dFISKH
050 _a616.0
100 _aEvans, Lynette
245 _aEat your colors /
_cby Evans, Lynette
300 _a24 pages :
_bcolor illustrations ;
_c20 cm .
505 _aE
520 _aIt is good to eat fruits and vegetable .
521 8 _a240
_bLexile
521 8 _aE
_bRaz-Plus
600 _2colors
_vnon-fiction
610 _2vegetables
_vcolor book
700 _aAlexander, Matthew
_eDesigner
942 _2ddc
_cBK
_n0
999 _c2895
_d2895